Khác biệt để bức phá

Kaydedildi:
Detaylı Bibliyografya
Yazar: Jason, Fried
Diğer Yazarlar: David Heinemeier Hansson, Song Thu, Thanh Thảo, Vi Thảo Nguyên
Materyal Türü: Kitap
Baskı/Yayın Bilgisi: Tp. Hồ Chí Minh Trẻ 2014
Konular:
Etiketler: Etiketle
Etiket eklenmemiş, İlk siz ekleyin!
Thư viện lưu trữ: Trung tâm Học liệu Lê Vũ Hùng, Trường Đại học Đồng Tháp
LEADER 01054pam a22003858a 4500
001 00035403
005 20171026081025.0
008 161206s2014 ||||||Viesd
020 # # |c 68000 
041 0 # |a Vie 
082 1 4 |a 650.1  |b KH101B 
100 1 # |a Jason, Fried 
245 1 0 |a Khác biệt để bức phá  |c Jason Fried; David Heinemeier Hansson...[Và những ngườu khác] 
260 # # |a Tp. Hồ Chí Minh  |b Trẻ  |c 2014 
300 # # |a 317tr.  |b hình vẽ  |c 21cm 
653 # # |a Blog 
653 # # |a Thành Công 
653 # # |a Phương pháp 
653 # # |a Kinh doanh 
700 1 # |a David Heinemeier Hansson 
700 1 # |a Song Thu 
700 1 # |a Thanh Thảo 
700 1 # |a Vi Thảo Nguyên 
852 # # |b Kho mượn  |j KM.0020299 
852 # # |j KD.0017712  |j KM.0020299 
852 # # |b Kho đọc  |j KD.0017712 
910 0 # |d 06/12/2016 
980 # # |a Trung tâm Học liệu Lê Vũ Hùng, Trường Đại học Đồng Tháp